Pripravovaná reforma má znížiť riziká
Reforma doplnkového dôchodkového poistenia má znížiť riziká, ktoré v tomto sektore existujú. Doplnkové dôchodkové poisťovne sa zmenia na fondy, ich právna subjektivita zanikne a budú spravované správcovskými spoločnosťami.
Gespeichert in:
| 1. Verfasser: | |
|---|---|
| Format: | Buchkapitel |
| Sprache: | Slowakisch |
| Schlagworte: | |
| Tags: |
Keine Tags, Fügen Sie das erste Tag hinzu!
|
MARC
| LEADER | 00000naa a2200000 4500 | ||
|---|---|---|---|
| 001 | r049489 | ||
| 005 | 20230925124537.3 | ||
| 041 | 0 | |a slo | |
| 044 | |a SK | ||
| 245 | 1 | 0 | |a Pripravovaná reforma má znížiť riziká |c Ľuboš Jančík |
| 520 | |a Reforma doplnkového dôchodkového poistenia má znížiť riziká, ktoré v tomto sektore existujú. Doplnkové dôchodkové poisťovne sa zmenia na fondy, ich právna subjektivita zanikne a budú spravované správcovskými spoločnosťami. | ||
| 610 | 2 | 0 | |a reformy dôchodkové |
| 610 | 2 | 0 | |a poistenie dôchodkové doplnkové |
| 610 | 2 | 0 | |a poisťovne |
| 610 | 2 | 0 | |a zákony |
| 610 | 2 | 0 | |a úpravy právne |
| 610 | 2 | 0 | |a fondy podielové |
| 610 | 2 | 0 | |a Slovensko |
| 100 | 1 | |a Jančík, Ľuboš | |